Vzpomínka na Zbiroh

Main Author: Vačkář, Václav, 1881-1954
Other Authors: Vačkář, Dalibor C., 1906-1984
Language: Czech
Published: Praha : Radioservis , p2006
Physical Description: 1 zvuková deska (77:33) : digital ; 12 cm
Audio
Saved in:
LEADER 02043njm a2200433 a 4500
001 000891213
003 CZ BrMZK
005 20080425102847.0
007 sd fsngnnmmned
008 080331s2006 xr dfn g e cze d
028 2 1 |a CR 0345-2-311  |b Radioservis 
040 |a BOA001  |b cze 
041 0 |g cze  |g eng 
047 |a of01 
072 7 |a 785  |x Instrumentální hudba. Symfonická hudba. Hudba pro více nástrojů  |2 Konspekt  |9 9 
080 |a 785.12  |2 MRF 
080 |a 785.12.085.2  |2 MRF 
080 |a 785.12.085  |2 MRF 
080 |a (086.76)  |2 MRF 
100 1 |a Vačkář, Václav,  |d 1881-1954  |7 jk01141075  |4 cmp 
245 1 0 |a Vzpomínka na Zbiroh  |h [zvukový záznam] /  |c Václav Vačkář 
260 |a Praha :  |b Radioservis ,  |c p2006 
300 |a 1 zvuková deska (77:33) :  |b digital ;  |c 12 cm 
306 |a 011733 
500 |a Kompaktní deska 
500 |a Text na letáku česky a anglicky 
505 0 0 |t Probuzení --  |t Riviéra --  |t Dobřejovická polka --  |t Okolo Hradce --  |t Ve snách --  |t Hlavy vzhůru --  |t V zeleném háječku --  |t Osvobození --  |t Sen lásky --  |t Slovácký tanec č. 1 --  |t Večer na moři --  |t Tři bratři --  |t Slovácký tanec č. 2 --  |t Srdce na dlani --  |t Pozdrav posluchačům --  |t Tempo --  |t Vzpomínka na Zbiroh --  |t Směs pochodů --  |t Šťastnou cestu --  |t Šohaj 
511 0 |a V podání různých orchestrů 
518 |a Skladby 1-9, 11, 14-19 archiv Českého rozhlasu (1971-1990), skladby 10, 12, 13 archiv České televize (1981, 1955, 1981), skladby 20 archiv Supraphon Music, a.s. (1981) 
650 0 7 |a dechová hudba (dechový orchestr)  |7 ph315352  |2 czenas 
650 0 7 |a polky (dechový orchestr)  |7 ph451021  |2 czenas 
650 0 7 |a pochody (dechový orchestr)  |7 ph451031  |2 czenas 
650 0 4 |a tance (dechový orchestr) 
655 7 |a kompaktní desky  |7 fd201991  |2 czenas 
700 1 |a Vačkář, Dalibor C.,  |d 1906-1984  |7 jz8001348  |4 cmp 
910 |a BOA001  |b CD-0014.403 
990 |a AV 
991 |b 200804 
996 6 |b 261H015938  |c CD-0014.403  |l MZK  |r Sklad / do 24 hodin  |n 0  |w 000891213  |u 000010  |a 1  |e BOA001  |j MZK50  |s P